000
00436nam a22001097a 4500
082
_a
891.433/TYA
100
_a
त्यागी,सधीर
_9
74182
245
_a
बंगला कहानियॉ (सदी की श्रेष्ठ कहानियॉ)
260
_a
दिल्ली
_b
लाॅॅयन बुक्स इंटरनेशनल
_c
2019
650
_a
कहानियॉ
942
_c
BK
999
_c
65652
_d
65652